| 000 | nam a22 4500 | ||
|---|---|---|---|
| 999 |
_c15066 _d15064 |
||
| 001 | 000 | ||
| 003 | 000 | ||
| 005 | 20210113103001.0 | ||
| 008 | 00 | ||
| 020 | _a0 13 712358-2 | ||
| 040 |
_a000 _c00 |
||
| 082 | _a001.6424/FEL | ||
| 245 |
_aCGI Internet Programming _bCGI Internet Programming with C++ AND C _cFelton, Mark |
||
| 260 |
_aUnited States of America _bPrentice-Hall, Inc _c1997 |
||
| 300 | _a23.5 cm | ||
| 942 |
_2ddc _cCIRC _h001.6424/FEL _i29130 |
||